Capital and Income Inequality: An Aggregate-Demand Complementarity

Nová komplementarita medzi kapitálovou a príjmovou nerovnosťou vedie k výraznému zosilneniu účinkov šokov agregátneho dopytu na spotrebu. Toto zistenie sa charakterizuje pomocou jednoduchého modelu s heterogénnosťou úspor a príjmov domácností, nominálnych rigidít a kapitálu. Fiškálna politika, ktorá...

ver descrição completa

Na minha lista:
Detalhes bibliográficos
Autor principal: Bilbiie, Florin Ovidiu
Outros Autores: Känzig, Diego R., Surico, Paolo
Formato: Capítulo de Livro
Idioma:inglês
Assuntos:
Tags: Adicionar Tag
Sem tags, seja o primeiro a adicionar uma tag!

MARC

LEADER 00000naa a2200000 4500
001 0283906
005 20220524090715.0
041 0 |a eng 
044 |a NL 
245 1 0 |a Capital and Income Inequality: An Aggregate-Demand Complementarity  |c Florin Ovidiu Bilbiie, Diego R. Känzig, Paolo Surico 
520 |a Nová komplementarita medzi kapitálovou a príjmovou nerovnosťou vedie k výraznému zosilneniu účinkov šokov agregátneho dopytu na spotrebu. Toto zistenie sa charakterizuje pomocou jednoduchého modelu s heterogénnosťou úspor a príjmov domácností, nominálnych rigidít a kapitálu. Fiškálna politika, ktorá prerozdeľuje kapitálový príjem, spôsobuje ďalšie zosilnenie, zatiaľ čo prerozdeľovanie ziskov vytvára útlm. Po úrokovom šoku je nerovnosť spotreby viac proticyklická ako nerovnosť príjmov, čo je v súlade s dostupnými empirickými dôkazmi. Procyklické investície si tiež vyžadujú agresívnejšie Taylorovo pravidlo, aby sa dosiahla rozhodnosť. 
610 2 0 |a nerovnosť príjmová 
610 2 0 |a kapitál 
610 2 0 |a dopyt agregátny 
610 2 0 |a spotreba 
610 2 0 |a politika menová 
610 2 0 |a politika fiškálna 
610 2 0 |a investície 
610 2 0 |a modely 
100 1 |a Bilbiie, Florin Ovidiu 
700 1 |a Känzig, Diego R. 
700 1 |a Surico, Paolo